| 000 | 00397nam a2200169Ia 4500 | ||
|---|---|---|---|
| 005 | 20241218010911.0 | ||
| 008 | 240331s9999 xx 000 0 und d | ||
| 020 | _a8188965308 | ||
| 082 |
_bNIV _26438 _a305 |
||
| 245 | 0 | _aSexualities | |
| 260 |
_aNew Delhi _bWomen Unlimited _c2007 |
||
| 300 | _alx, 333 p., | ||
| 650 | _aSexuality | ||
| 650 | _aFeminism | ||
| 700 |
_aMenon, N _eedt |
||
| 942 | _cL | ||
| 999 |
_c4495 _d4495 |
||